Sports Quiz

Random Sports or Tennis Quiz
Score 0/199 Timer 15:00
12 Plays Today
# Player % Correct
46Roger Federer
97.9%
32Rafael Nadal
96.5%
23Pete Sampras
91.9%
26Andre Agassi
91.2%
37Novak Đoković
90.9%
21Andy Murray
88.3%
19John McEnroe
87.6%
1Patrick McEnroe
87.2%
17Björn Borg
84.7%
31Jimmy Connors
81.3%
18Boris Becker
79.2%
28Ivan Lendl
79.2%
10Andy Roddick
77.3%
9Stanislas Wawrinka
73.6%
6David Ferrer
72.9%
8Lleyton Hewitt
72.8%
19Stefan Edberg
69.8%
1Alexander Zverev
69.1%
6Rod Laver
68.8%
8Michael Chang
67.8%
6Jo-Wilfried Tsonga
67.3%
1Daniil Medvedev
66.2%
11Jim Courier
65.4%
7Marat Safin
64.5%
5Juan Martín del Potro
63.6%
10Arthur Ashe
63.3%
14Mats Wilander
63%
3Kei Nishikori
62.8%
7Patrick Rafter
61.6%
2Kevin Anderson
61.1%
6Tim Henman
60.3%
1John Isner
59.9%
7Goran Ivanisevic
59.5%
1Stefanos Tsitsipas
57.9%
3Gustavo Kuerten
57.7%
5Dominic Thiem
57.7%
3Milos Raonic
57.1%
5Stan Smith
54.9%
6Juan Carlos Ferrero
54%
6Ilie Năstase
53.3%
5Marin Čilić
52.4%
7Tomáš Berdych
52.1%
6Yevgeny Kafelnikov
50.5%
5David Nalbandian
50%
2Gaël Monfils
50%
5Pat Cash
49.7%
3Carlos Moyá
49.7%
10John Newcombe
49.6%
12Guillermo Vilas
49.1%
2Yannick Noah
48.7%
3Grigor Dimitrov
48.2%
6Michael Stich
47.6%
3Richard Gasquet
47.4%
2Robin Söderling
45.5%
4Thomas Muster
44.3%
4Nikolay Davydenko
43.6%
4Tommy Haas
43.3%
4Richard Krajicek
42.3%
1Pancho Gonzáles
42.3%
1Marcelo Ríos
42.3%
1Lucas Pouille
42.3%
1Gastón Gaudio
41.9%
1Sam Querrey
41.5%
1Roberto Bautista Agut
41.2%
2Thomas Johansson
40.7%
1Joachim Johansson
40.6%
13Ken Rosewall
40.5%
# Player % Correct
2Guillermo Coria
40.5%
2Mark Philippoussis
40.3%
2Fernando González
40.1%
1Greg Rusedski
39.9%
2Marcos Baghdatis
39.9%
1Matteo Berrettini
39.6%
2Albert Costa
38.9%
6Todd Martin
38.7%
1Kyle Edmund
37.8%
1Chung Hyeon
37.8%
1MaliVai Washington
37.1%
1Fernando Verdasco
36.7%
4Sergi Bruguera
36.5%
4Cédric Pioline
35.4%
4Sébastien Grosjean
34.1%
4Henri Leconte
34%
8Vitas Gerulaitis
33.9%
2Petr Korda
33.4%
3Àlex Corretja
32.6%
1Mal Anderson
32.1%
2Andriy Medvedev
32%
2Magnus Norman
31.7%
1Ernests Gulbis
31.6%
1Ivan Ljubičić
31.3%
1Andrés Gómez
30.9%
2Mikhail Youzhny
30.7%
1Arnaud Clément
30.4%
6Roscoe Tanner
30.4%
1Marco Cecchinato
29.7%
1Jerzy Janowicz
29.3%
4Manuel Orantes
28.6%
1Pablo Carreño Busta
28.4%
1Mario Ančić
28.3%
1Thomas Enqvist
28%
6Jan Kodeš
28%
2Jonas Björkman
27.8%
2Rainer Schüttler
27%
1Mariano Puerta
26.7%
8Tony Roche
26.6%
5Johan Kriek
26.2%
1Nicolas Kiefer
25.9%
4Miloslav Mečíř
25.3%
1Jürgen Melzer
24.8%
2Wayne Ferreira
24.6%
3Kevin Curren
24%
1Todd Woodbridge
23.7%
3Adriano Panatta
23.5%
1John Lloyd
23.4%
1Martin Verkerk
23.4%
5Tom Okker
22.5%
1Xavier Malisse
21.7%
1Alberto Berasategui
21.5%
1Brian Teacher
21.4%
1Mark Woodforde
21.1%
1Marc Rosset
21%
1Jiří Novák
20.8%
1Chris Lewis
20.7%
3Mark Edmondson
20.3%
2Aaron Krickstein
20.2%
1Robby Ginepri
19.8%
2Phil Dent
19.2%
1Sjeng Schalken
18.9%
1Anders Järryd
18.8%
1Nicolás Lapentti
18.6%
1Mikael Pernfors
18.2%
2Víctor Pecci
18.2%
3Roger Taylor
18.1%
# Player % Correct
1Dominik Hrbatý
18%
4Andrés Gimeno
17.6%
4Harold Solomon
17.5%
2Tim Mayotte
17%
1Nicolas Escudé
16.9%
1Sandy Mayer
16.9%
2José Luis Clerc
16.2%
1Karol Kučera
16.2%
1Magnus Larsson
15.9%
2Brian Gottfried
15.9%
1Andrei Chesnokov
15.8%
1David Wheaton
15.5%
1Alexander Volkov
15.5%
1Félix Mantilla
15.3%
1Vladimir Voltchkov
15%
3Raúl Ramírez
14.9%
1Karel Nováček
14.9%
2Jonas Svensson
14.4%
1Jimmy Arias
14.4%
2Steve Denton
14.3%
3Alex Metreveli
14.2%
1Pete McNamara
14.1%
1Jason Stoltenberg
13.7%
2Wally Masur
13.5%
1Franco Squillari
13.5%
1Darren Cahill
13.5%
1Filip Dewulf
13.5%
1Nikola Pilić
13.3%
1Paul McNamee
13.2%
2Slobodan Živojinović
13.1%
1Christophe Roger-Vasselin
13%
1Fernando Meligeni
12.8%
2José Higueras
12.6%
2Eddie Dibbs
12.5%
3John Alexander
12.1%
2Patrick Proisy
11.2%
1Jan Gunnarsson
11.1%
1Kim Warwick
10.9%
2Željko Franulović
10.8%
2Corrado Barazzutti
10.7%
3Tom Gorman
10.5%
3Cliff Richey
10.5%
2Dick Stockton
10.4%
3Hank Pfister
10.2%
1Onny Parun
10%
1John Marks
9.8%
1John Sadri
9.8%
1Bob Lutz
9.6%
1Pat DuPré
9.6%
1Bill Scanlon
9.2%
1Victor Amaya
8.9%
1Allan Stone
8.9%
2Clark Graebner
8.7%
1Rod Frawley
8.7%
1François Jauffret
8.6%
1Ben Testerman
8.6%
1Georges Goven
8.6%
1Ross Case
8.4%
2Dick Crealy
8.4%
1Colin Dibley
8%
2Ray Ruffels
7.8%
1Karl Meiler
7.7%
1Dennis Ralston
7.5%
1Frank Froehling
6.8%
1Bob Giltinan
6.6%
Come Together.
Have Fun.
All Virtual.
We all need to come together. Play Sporcle's virtual live trivia to have fun, connect with people, and get your trivia on. Join a live hosted trivia game for your favorite pub trivia experience done virtually. If a virtual private party is more your thing, go here for details.

You're not logged in!

Compare scores with friends on all Sporcle quizzes.
OR
Log In

Sporcle TV

Today on Sporcle TV


Watch our educational content, quiz creation guides, and fun videos on Sporcle TV.

Show Comments

Extras

Top Quizzes Today


Score Distribution

Paid Content

Your Account Isn't Verified!

In order to create a playlist on Sporcle, you need to verify the email address you used during registration. Go to your Sporcle Settings to finish the process.

Report this User

Report this user for behavior that violates our Community Guidelines.

Details: